00531 a2200169 450000500170000001000130001702000240003003500130005403700160006708200150008324501360009826000400023427000110027430000280028570000280031370000200034120240515110829.0 aB-759024 a9780190847128c0.00 aB-759024 bGift/Unesco a305.235072 aHandbook of Adolescent Development Research and Its Impact on Global Policy/cEdited by - Jennifer E. Lansford [and] Prerna Banati aLondonbEarthscan Publicationc1995 bLondon axiv, 228 p.c22cm (Pb) aLansford , Jennifer E.  aBanati, Prerna